| 000 | 00379cam a22001217a 4500 | ||
|---|---|---|---|
| 999 |
_c509261 _d509261 |
||
| 008 | 180718b1985 xxu||||| |||| 00| 0 eng d | ||
| 082 | _aL1:B136x5442 1983-84 | ||
| 245 |
_aPerformance budget, 1983-84 _cby Rural Development Department |
||
| 260 |
_aNagpur _bGovernment of Maharashtra _c1984 |
||
| 300 | _a440p. | ||
| 500 | _aLibrary has 1983-84, 1984-85 and 1988-89 | ||
| 942 | _2ddc | ||